书目信息 |
| 题名: |
测量与误差
|
|
| 作者: | ;化学工业部教育培训中心 组织编写 | |
| 分册: | ||
| 出版信息: | 北京 化学工业出版社 1997.01 |
|
| 页数: | 131页 | |
| 开本: | 20cm | |
| 丛书名: | ||
| 单 册: | ||
| 中图分类: | TG8 | |
| 科图分类: | ||
| 主题词: | 技术测量--技术培训 , 公差--技术培训 | |
| 电子资源: | ||
| ISBN: | 7-5025-1757-X | |
| 000 | 00793nam0 2200229 45 | |
| 001 | 0112070938 | |
| 005 | 20031219104051.7 | |
| 010 | @a7-5025-1757-X@dCNY8.00 | |
| 100 | @a20011207d1997 km y0chiy0120 ea | |
| 101 | 0 | @achi |
| 105 | @a z 000yy | |
| 200 | 1 | @a测量与误差@ACe Liang Yu Wu Cha@f化学工业部人事教育司,化学工业部教育培训中心组织编写@FHua Xue Gong Ye Bu Ren Shi Jiao Yu Si,Hua Xue Gong Ye Bu Jiao Yu Pei XunZhong Xin Zu Zhi Bian Xie |
| 210 | @a北京@c化学工业出版社@d1997.01 | |
| 215 | @a131页@d20cm | |
| 300 | @a化工工人技术理论培训教材 | |
| 606 | 0 | @a技术测量@x技术培训 |
| 606 | 0 | @a公差@x技术培训 |
| 690 | @aTG8@v4 | |
| 710 | 02 | @a化学工业部人事教育司@4组织编写 |
| 711 | 02 | @a化学工业部教育培训中心@4组织编写 |
| 801 | @aCN@bTSTC@c20011207 | |
| 905 | @f10@b301234-243@dTG8@e7 | |
| 测量与误差/化学工业部人事教育司,化学工业部教育培训中心组织编写.-北京:化学工业出版社,1997.01 |
| 131页;20cm |
| 化工工人技术理论培训教材 |
| ISBN 7-5025-1757-X:CNY8.00 |
| ● |
| 相关链接 |
|
|
|
|
正题名:测量与误差
索取号:TG8/7
 
预约/预借
| 序号 | 登录号 | 条形码 | 馆藏地/架位号 | 状态 | 备注 |
| 1 | 0301234 | 203012346 | 第三借阅区/ [索取号:TG8/7] | 在馆 | |
| 2 | 0301235 | 203012355 | 第三借阅区/ [索取号:TG8/7] | 在馆 | |
| 3 | 0301236 | 203012364 | 第三借阅区/ [索取号:TG8/7] | 在馆 | |
| 4 | 0301237 | 203012373 | 第三借阅区/ [索取号:TG8/7] | 在馆 | |
| 5 | 0301238 | 203012382 | 第三借阅区/ [索取号:TG8/7] | 在馆 | |
| 6 | 0301239 | 203012391 | 第三借阅区/ [索取号:TG8/7] | 在馆 | |
| 7 | 0301240 | 203012408 | 第三借阅区/ [索取号:TG8/7] | 在馆 | |
| 8 | 0301241 | 203012417 | 第三借阅区/ [索取号:TG8/7] | 在馆 | |
| 9 | 0301242 | 203012426 | 第三借阅区/ [索取号:TG8/7] | 在馆 | |
| 10 | 0301243 | 203012435 | 第二样本阅览室/ [索取号:TG8/7] | 在馆 |